| 000 | 00365nam a2200121Ia 4500 | ||
|---|---|---|---|
| 008 | 160609s9999 xx 000 0 und d | ||
| 100 | _aKidder, Dennis. | ||
| 245 | _aArduino Projects For Amateur Radio | ||
| 245 | _cBy:Dennis Kidder, Jack Purdum | ||
| 260 | _c2015 | ||
| 650 | _xRADIO AND TV ANNOUNCING | ||
| 856 | _uhttp://file.ebook777.com/007/ArdProForAmaRad.pdf | ||
| 999 |
_c295807 _d295807 |
||